منٹو کے منتخب ا فسا نو ں کا تجز يہ (Record no. 182326)

MARC details
000 -LEADER
fixed length control field 00714nam a22001937a 4500
005 - DATE AND TIME OF LATEST TRANSACTION
control field 20211109142518.0
010 ## - LCCN (DPL NO)
LC control number UR-11314
020 ## - INTERNATIONAL STANDARD BOOK NUMBER
Terms of availability 230.00
International Standard Book Number 9789390789573
035 ## - SYSTEM CONTROL NUMBER
System control number U-9869
037 ## - SOURCE OF ACQUISITION
Source of stock number/acquisition DBAD/PUB
082 ## - DEWEY DECIMAL CLASSIFICATION NUMBER
Classification number 843.08
100 ## - MAIN ENTRY--PERSONAL NAME
Personal name سيد سہيل ا حمد ہا شمی
245 ## - TITLE STATEMENT
Title منٹو کے منتخب ا فسا نو ں کا تجز يہ
Statement of responsibility, etc سيد سہيل ا حمد ہا شمی
246 ## - VARYING FORM OF TITLE
Title proper/short title Manto Ke Muntakabh Afsanown Ka Tajazia (Urdu)
Remainder of title by Syed Sohail Ahmed Hashmi
260 ## - PUBLICATION, DISTRIBUTION, ETC. (IMPRINT)
Place of publication, distribution, etc N.Delhi
Date of publication, distribution, etc 2021 ء
Name of publisher, distributor, etc Educational Publishing House
270 ## - ADDRESS
Address D1/16,Ansari Road,Darya Ganj,
City New Delhi
Postal code 110002
Fax number -
300 ## - PHYSICAL DESCRIPTION
Extent 188 ص
Dimensions 22 Cm(Hb)
942 ## - ADDED ENTRY ELEMENTS (KOHA)
Source of classification or shelving scheme Dewey Decimal Classification
Item type Urdu Bks
Classification part 843.08
Call number suffix ہ ا ش
Holdings
Withdrawn status Lost status Not for loan Collection code Home library Current library Date acquired Source of acquisition Cost, normal purchase price Full call number Barcode Copy number Cost, replacement price Koha item type
    Not For Loan Non-fiction D.B.Act.Division Central Library 09/11/2021 DBAD/PUB 230.00 843.08 ہ ا ش U-9869 1 230.00 Urdu Bks

© Delhi Public Library
Hit Counter
free hit counter